| 000 | 00815nam a22002297a 4500 | ||
|---|---|---|---|
| 003 | AUA.1 | ||
| 005 | 20251121114136.0 | ||
| 008 | 251121b |||||||| |||| 00| 0 eng d | ||
| 020 | _a9781839736636 | ||
| 040 | _cJTL | ||
| 050 |
_aBV4447 _b.N36 2023 |
||
| 100 | _aNam, Vo Huong | ||
| 245 |
_aDigital media and youth discipleship : _bpitfalls and promise / _cVo Huang Nam. |
||
| 260 |
_aCarlisle, UK : _bLangham Monographs; _c2023. |
||
| 300 |
_axvi, 271 pages : _c23 cm. |
||
| 600 |
_aBonhoeffer, Dietrich, _d1906-1945 _x1906-1945 |
||
| 650 |
_aChurch work with youth _vHội thánh tin lành Việt Nam |
||
| 650 |
_aChurch work with youth _vVietnam |
||
| 650 |
_aDigital media _vReligious aspects _xChristianity |
||
| 650 | _aDiscipling (Christianity) | ||
| 942 |
_2lcc _cBOOK _hBV 4447 _i.N36 2023 |
||
| 999 |
_c25290 _d25290 |
||